El proceso de la comunicación./ (Registro nro. 9587)
[ vista simple ]
| 000 -LEADER | |
|---|---|
| fixed length control field | 01228nam a2200217Ia 4500 |
| 005 - FECHA Y HORA DE LA ÚLTIMA TRANSACCIÓN | |
| control field | 20250618165556.0 |
| 008 - FIXED-LENGTH DATA ELEMENTS--GENERAL INFORMATION | |
| fixed length control field | 231003s9999 xx 000 0 und d |
| 020 ## - INTERNATIONAL STANDARD BOOK NUMBER | |
| International Standard Book Number | 9500263548 |
| 040 ## - CATALOGING SOURCE | |
| Original cataloging agency | UPAN |
| Transcribing agency | Biblioteca San Vicente |
| Description conventions | RCAA2 |
| 041 ## - LANGUAGE CODE | |
| Language code of text/sound track or separate title | spa |
| 082 ## - DEWEY DECIMAL CLASSIFICATION NUMBER | |
| Classification number | 302.2 |
| Item number | B475p |
| año de publicación | 2000 |
| 100 ## - MAIN ENTRY--PERSONAL NAME | |
| Personal name | Berlo, David, K |
| Relator code | aut. |
| 245 #0 - TITLE STATEMENT | |
| Title | El proceso de la comunicación./ |
| Remainder of title | David K. Berlo |
| 250 ## - EDITION STATEMENT | |
| Edition statement | 2° ed. |
| 260 ## - PUBLICATION, DISTRIBUTION, ETC. (IMPRINT) | |
| Place of publication, distribution, etc | Argentina: |
| Name of publisher, distributor, etc | Editorial El ateneo, |
| Date of publication, distribution, etc | 2000 |
| 300 ## - PHYSICAL DESCRIPTION | |
| Extent | 265 p.: |
| Dimensions | 23 cm. |
| 505 ## - FORMATTED CONTENTS NOTE | |
| Formatted contents note | Introducción. <br/>1. Comunicación. Alcances y fines. <br/>2. Un modelo del proceso de comunicación. <br/>3. una fidelidad en la comunicación. determinantes del efecto. <br/>4. Aprendizaje, la comunicación en un contexto personal. <br/>5. La interacción, objetivo de la comunicación interpersonal. <br/>6. Sistemas sociales. Matriz de la comunicación. <br/>7. Significado y comunicación. <br/>8. Dimensiones del significado. <br/>9. Observaciones y juicios. La estructuración de la percepción. <br/>10. Inferencia. La aplicación del rigor estructural. <br/>11. Definición. Un intento de especificar el significado. |
| 650 ## - SUBJECT ADDED ENTRY--TOPICAL TERM | |
| Source of heading or term | LEMB |
| Topical term or geographic name as entry element | Procedimiento |
| General subdivision | Comunicación |
| 700 ## - ADDED ENTRY--PERSONAL NAME | |
| Personal name | Silvira Roura Gonzalez |
| Relator code | tr. |
| 942 ## - ADDED ENTRY ELEMENTS (KOHA) | |
| Koha item type | Libros |
| Source of classification or shelving scheme | Dewey Decimal Classification |
| Withdrawn status | Lost status | Source of classification or shelving scheme | Damaged status | Not for loan | Collection code | Home library | Current library | Date acquired | Total Checkouts | Full call number | Barcode | Date last seen | Copy number | Price effective from | Koha item type |
|---|---|---|---|---|---|---|---|---|---|---|---|---|---|---|---|
| Dewey Decimal Classification | Colección General | Biblioteca UPAN San Vicente | Biblioteca UPAN San Vicente | 03/10/2023 | 302.2 B475p | 12003132 | 03/10/2023 | 01 | 03/10/2023 | Libros | |||||
| Dewey Decimal Classification | Colección General | Biblioteca UPAN San Vicente | Biblioteca UPAN San Vicente | 03/10/2023 | 302.2 B475p | 12003133 | 03/10/2023 | 02 | 03/10/2023 | Libros | |||||
| Dewey Decimal Classification | Colección General | Biblioteca UPAN San Vicente | Biblioteca UPAN San Vicente | 03/10/2023 | 302.2 B475p | 12003134 | 03/10/2023 | 03 | 03/10/2023 | Libros |